[Event "Budapest Spring Festival 2018"]
[Site "Budapest"]
[Date "2018.04.18"]
[Round "1"]
[White "Halak, Miklos"]
[Black "Kanmazalp, Ogulcan"]
[Result "1/2-1/2"]
[WhiteElo "2247"]
[BlackElo "2471"]
[Annotator "TA"]
[PlyCount "79"]
[EventDate "2018.??.??"]
[EventType "swiss"]
[EventCountry "HUN"]
[SourceTitle "playchess.com"]
[Source "ChessBase"]
[SourceQuality "1"]

{[%evp 10,79,-16,-44,0,-14,-7,-16,-15,-46,-46,-106,-111,-198,-183,-274,-274,-505,-520,-409,-319,-312,-294,-458,-291,-252,-112,-106,-89,-96,-95,-83,-85,-111,0,0,187,80,241,249,625,233,518,8,8,8,12,15,16,10,8,12,8,14,442,227,211,0,0,0,0,0,0,0,0,0,0,0,0,0,0,0]} 1. e4 c5 2. Nf3 d6 3. c3 Nf6 4. e5 dxe5 5. Nxe5 Nbd7 6. Bb5 {LiveBook: 8 Games. B50: Sicilian: 2...d6, Miscellaneous} (6. f4 e6 7. d4 cxd4 8. cxd4 Ne4 9. Qf3 Bb4+ 10. Nc3 Nxe5 11. dxe5 Qd4 12. Bb5+ Bd7 13. Bxd7+ Kxd7 {0-1 (45) Minasian,A (2568)-Laznicka,V (2659) Rijeka 2010}) 6... e6 (6... a6 {keeps more tension.} 7. Bxd7+ Nxd7 8. Nf3 e6 9. O-O Be7) 7. d4 a6 8. Nxd7 Bxd7 9. Be2 $146 ({Predecessor:} 9. Bxd7+ Qxd7 10. O-O cxd4 11. Qxd4 Qxd4 12. cxd4 Rd8 13. Be3 Be7 14. Nc3 Ng4 15. Rad1 Nxe3 16. fxe3 Bg5 17. Rf3 {½-½ (17) Brueggemann,H (1993)-Pemberton,C (1910) Dresden 2008}) 9... Qc7 10. dxc5 (10. Bf3 $15) 10... Bxc5 $17 11. O-O (11. Qd3 $17 {was worth a try.}) 11... O-O-O $19 12. Nd2 (12. b4 {was necessary.} Bd6 13. f4) 12... h5 $1 13. Nf3 $2 (13. b4 Ba7 14. Nf3) 13... Ng4 14. Qe1 f6 15. b4 Ba7 16. c4 (16. Be3 $142 Bxe3 17. fxe3) 16... e5 17. g3 {[#]} e4 (17... h4 $1 $19 {[%mdl 512] is more deadly. ...hxg3 is the strong threat.} 18. c5 (18. Nxh4 g5) 18... hxg3 19. hxg3 Rh3) 18. Bf4 $17 Qc6 (18... exf3 $6 19. Bxc7 fxe2 20. Qxe2 $11) 19. b5 Qe6 (19... axb5 $2 20. cxb5 Qb6 21. Rc1+ Bc6 22. bxc6 $18) 20. bxa6 Bc6 $1 {Strongly threatening ...e3.} (20... Qxa6 $6 21. c5 $1 $14 {[%mdl 512]}) 21. axb7+ Bxb7 (21... Kxb7 $17 22. Nh4 Nxf2 23. Rxf2 g5) 22. Rb1 $11 g5 $2 {[#]} (22... exf3 $2 23. Rxb7 $1 {[%mdl 512]} Bb6 24. Rb8+ (24. Bxf3 Qxe1 25. Rb8+ Kd7 $16) 24... Kd7 25. Qd2+ Ke7 26. Qb4+ Kf7 27. Rb7+ (27. Qxb6 $2 Qxb6 28. Rxb6 fxe2 $19) (27. Rxb6 Qxe2 28. Rb7+ Kg6 $16) 27... Kg6 28. Bxf3 $18 (28. Qxb6 Qxb6 29. Bd3+ Rxd3 $16) (28. Rxb6 Qxe2 29. Qb1+ Qd3 $18)) (22... e3 $11 {and Black is okay.} 23. fxe3 Bxe3+ 24. Kh1 Bxf4 25. gxf4 Rd7) 23. Qa5 ({Not} 23. Qb4 Qc6 $15) (23. c5 $1 $18 {is the precise move to win.} gxf4 24. Qa5) 23... gxf4 $2 (23... Bxf2+ $16 {was called for.} 24. Rxf2 gxf4) 24. Qxa7 $40 {[%csl Gb1][%cal Ra7b7][%mdl 128] White is out for blood.} Rd7 $2 (24... Qa6 25. Qc5+ Qc6 26. Qf5+ Qd7 27. Qxf4 Qc7 28. Qf5+ Qd7) 25. Rb6 $2 (25. c5 {And now Nd4 would win.} e3 26. c6 exf2+ 27. Kh1 Qxc6 28. Rbc1 (28. Rfc1 $2 Rd1+ 29. Kg2 Rxc1 $19)) 25... Qe7 $2 {[#]} (25... Qxb6 {is a better defense.} 26. Qxb6 exf3) 26. Rfb1 $2 (26. Nd4 $1 $18 {[%mdl 512]} e3 (26... Rxd4 27. Rfb1) 27. Nc6) 26... Qc5 $11 27. Nd4 $1 Qxd4 {[#]} 28. Rc6+ $1 {[%mdl 512]} Kd8 (28... Bxc6 29. Rb8#) 29. Qxd4 Rxd4 30. Rxb7 f3 $1 {[%cal Rf3e2]} 31. Bf1 {aiming for c5.} Rd2 $2 {[%mdl 8192]} (31... Rd1 $11 {and Black stays safe.}) 32. Ra6 (32. c5 $142 Ne5 33. Ra6) 32... Kc8 $18 33. Rab6 $2 (33. Re7 $18 {[%cal Ra6a8]} Kb8 34. Rxe4) 33... e3 $11 {The position is equal.} 34. fxe3 Rxh2 {[%csl Gg4,Gh2][%cal Rf3f2]} 35. Rb8+ Kd7 {[%csl Gg4,Gh2][%cal Rf3f2]} (35... Kc7 $5 36. R8b7+ $8 Kc8 37. Rb8+ Kc7 38. R8b7+ Kc8 $11) 36. R8b7+ $1 Kc8 {[%csl Gg4,Gh2][%cal Rf3f2]} 37. Rb8+ Kd7 {[%csl Gg4,Gh2][%cal Rf3f2]} (37... Kc7 $5 38. R8b7+ $8 Kc8 $11) 38. R8b7+ $1 Kc8 {[%csl Gg4,Gh2][%cal Rf3f2]} 39. Rb8+ Kc7 {[%csl Gg4,Gh2][%cal Rf3f2]} 40. R8b7+ $1 {Precision: White = 39%, Black = 50%.} 1/2-1/2

[Event "Budapest Spring Festival 2018"]
[Site "Budapest"]
[Date "2018.04.18"]
[Round "1"]
[White "Praveen Kumar C"]
[Black "Costachi, Mihnea"]
[Result "1/2-1/2"]
[WhiteElo "2241"]
[BlackElo "2462"]
[Annotator "TA"]
[PlyCount "69"]
[EventDate "2018.??.??"]
[EventType "swiss"]
[EventCountry "HUN"]
[SourceTitle "playchess.com"]
[Source "ChessBase"]
[SourceQuality "1"]

{[%evp 21,69,22,42,55,47,20,53,33,32,24,41,24,35,12,14,17,25,0,0,-1,47,0,0,0,0,0,0,-138,-126,-90,0,0,0,0,0,0,51,57,30,0,0,0,0,-1,0,-12,12,12,14,12]} 1. d4 Nf6 2. c4 g6 3. g3 Bg7 4. Bg2 O-O 5. Nc3 d6 6. Nf3 Nc6 7. O-O Bf5 8. b3 Ne4 9. Bb2 Nxc3 10. Bxc3 Be4 11. Qd2 e5 {LiveBook: 3 Games. E62: King's Indian: Fianchetto: 6...c6 and Panno Variation (6...Nc6) without ...a6} 12. d5 Ne7 13. Rfd1 Bf5 $146 ({Predecessor:} 13... h6 14. Nxe5 Bxg2 15. Ng4 Bh3 16. Bxg7 Bxg4 17. Qxh6 f6 18. f3 Bd7 19. g4 {1-0 (50) Manolache,M (2492)-Costachi,M (2433) Baile Govora 2017}) 14. Rac1 Qd7 15. c5 Bh3 16. Bh1 h6 17. Bb2 f5 18. Rc4 f4 19. cxd6 cxd6 20. Rdc1 Rae8 21. Ba3 Nf5 22. Rc7 ({Don't go for} 22. gxf4 $2 Nd4 $19) 22... Qd8 23. Bb2 ({But not} 23. Rxb7 e4 $15) 23... Re7 24. Qc2 (24. Rxe7 $11 {remains equal.} Qxe7 25. gxf4) 24... e4 $17 25. Bxg7 Kxg7 (25... Nxg7 $17 26. Nd2 e3 27. fxe3 fxg3 28. hxg3 Rxc7 29. Qxc7 Qg5) 26. Qc3+ $11 Kg8 {[#] Threatens to win with ...Qxc7.} 27. Rxe7 $1 Qxe7 ({Much weaker is} 27... Nxe7 $6 28. Nd4 $16) 28. Nd4 {aiming for Ne6.} fxg3 (28... Ne3 $1 $11) 29. hxg3 $14 {Hoping for Ne6.} e3 30. Nxf5 exf2+ {The position is equal.} 31. Kxf2 Bxf5 32. Bf3 h5 33. Qe3 Re8 34. Qxe7 Rxe7 35. e4 {Precision: White = 50%, Black = 58%.} 1/2-1/2

[Event "Budapest Spring Festival 2018"]
[Site "Budapest"]
[Date "2018.04.19"]
[Round "2"]
[White "Onischuk, Vladimir"]
[Black "Gavrilescu, David"]
[Result "1/2-1/2"]
[WhiteElo "2630"]
[BlackElo "2436"]
[Annotator "TA"]
[PlyCount "198"]
[EventDate "2018.??.??"]
[EventType "swiss"]
[EventCountry "HUN"]
[SourceTitle "playchess.com"]
[Source "ChessBase"]
[SourceQuality "1"]

{[%evp 21,198,19,19,0,8,0,0,-4,0,0,32,12,12,5,12,15,12,-11,7,0,12,4,12,-17,0,-24,0,-37,-34,-39,-32,-51,-51,-102,-106,-153,-12,-24,0,-32,29,29,29,31,31,29,43,43,42,42,39,38,46,31,54,39,40,33,50,25,33,25,39,29,39,25,25,25,25,25,25,25,25,25,25,25,25,25,25,25,38,35,39,25,25,25,39,25,25,25,25,25,50,50,50,44,79,42,50,50,79,79,89,87,79,79,79,79,79,79,79,79,79,79,79,79,101,65,79,54,63,50,112,42,92,79,92,92,116,97,180,180,180,178,183,183,183,157,171,156,183,183,187,0,156,156,156,156,156,156,250,250,250,256,902,779,1720,1297,29973,6087,29978,29979,29976,29979,29979,131,131,131,131,131,131,131,131,131,131,131,131,131,131]} 1. Nf3 d5 2. g3 Bg4 3. Bg2 Nd7 4. O-O c6 5. d3 Ngf6 6. Nbd2 e5 7. e4 dxe4 8. dxe4 Bc5 9. h3 Bh5 10. Qe2 O-O 11. a4 a5 {LiveBook: 10 Games. A07: Réti Opening: New York and Capablanca Systems} 12. Qc4 (12. Nc4 Re8 13. Rd1 Qc7 14. g4 Bg6 15. Nh4 Nf8 16. g5 Nh5 17. Nxg6 hxg6 18. Bf3 Nf4 19. Bxf4 exf4 {0-1 (66) Anand,V (2785)-Ragger,M (2632) Dubai 2014}) 12... Re8 13. Nb3 Bb6 {The position is equal.} 14. Bd2 $146 ({Predecessor:} 14. Nh4 Nf8 15. Bf3 Bxf3 16. Nxf3 Ng6 17. Kg2 h6 18. Bd2 Qe7 {½-½ (18) Foisor,O (2422)-Abreu Delgado,A (2454) La Pobla de Lillet 2002}) 14... Qe7 15. Bc3 Qe6 16. Nfd2 {[%cal Bf3d2,Bd2f1,Bf1e3,Be3f5][%mdl 32]} Qe7 17. Rfe1 Nc5 18. Nxc5 Bxc5 19. Nf1 b6 20. Ne3 Rad8 21. Nf5 Qa7 {Hoping for ...Bxf2+!} 22. Qf1 (22. b4 {is interesting.} Bf8 23. Qb3 Rb8 24. g4 Bg6 25. Bd2) 22... Qc7 23. Kh2 Nd7 {[%cal Bf6d7,Bd7f8,Bf8e6,Be6d4][%mdl 32]} 24. h4 Nf8 25. Kg1 Ne6 26. Qc4 Nd4 27. Bxd4 ({White should try} 27. Nxd4 $15 Bxd4 28. Bh3) 27... exd4 $17 28. Qd3 Bg6 (28... Kh8 $17 29. Bh3 g6) 29. Bf3 Bb4 30. Re2 Re5 (30... f6 $15) 31. h5 $11 Bxf5 $1 32. exf5 Rxe2 33. Qxe2 Kf8 34. Qe4 Rd6 35. Rd1 Qd8 36. Kg2 h6 37. Qf4 Qd7 38. Be4 Qe7 39. Qf3 Qd7 40. Rh1 {[%cal Bd1h1,Bh1h4,Bh4g4,Bg4e4][%mdl 32]} Qe8 41. Rh4 Qd7 42. Rg4 Rf6 43. Bd3 Be7 44. Re4 Rd6 45. Re2 Bf6 46. Be4 Qc8 47. Qb3 Qc7 48. Qc4 Qc8 49. b4 axb4 50. Qxb4 c5 51. Qc4 Rd7 52. Qb5 Qc7 53. Kf3 Re7 54. Qa6 Re8 55. Qc4 Qa7 56. Bc6 {[%csl Gc6][%cal Re2e8]} (56. Qb5 {looks sharper.} Rc8 57. Kg2 Be7 58. Bd5 Rd8 59. Bc4) 56... Rxe2 57. Qxe2 {[%csl Gc6][%cal Re2e8]} Qe7 58. Qa6 Qc7 59. Bd5 (59. Qa8+ {is more complex.} Bd8 60. Bb5 Qd6 61. Qb7 Qf6 62. Qe4) 59... Bd8 60. Qa8 Ke7 61. Bc4 Qe5 62. Qb7+ Bc7 63. Kg2 Qd6 64. Qa8 Qd8 65. Qe4+ Kf8 66. f4 Qd6 67. Kf3 Qd8 68. Qc6 Qd6 69. Qb7 Ke7 70. Qe4+ Kf8 71. Bb5 {[%csl Gb5][%cal Re4e8]} Qe7 (71... Qd8 $1 $14) 72. Qa8+ (72. f6 $16 Qxe4+ 73. Kxe4) 72... Qd8 73. Qxd8+ Bxd8 $16 {[%mdl 4096] Endgame KB-KB} 74. Ke4 d3 75. Kxd3 Bf6 (75... Ke7 $16 {is a better defense.} 76. Ke4 Kd6) 76. c3 $1 $18 Ke7 77. Bc4 Ke8 78. Bd5 $1 Ke7 79. Kc4 Kd6 {intending ...Bxc3.} 80. Bxf7 Kc6 81. Be8+ Kd6 82. Bf7 Kc6 83. Bd5+ Kc7 84. Bf3 Kd6 85. g4 {[%cal Bg3g4,Bg4g5][%mdl 32]} Kd7 (85... Be7 $16 {was worth a try.} 86. Kb5 Kc7) 86. Kd5 Bxc3 87. g5 $1 Ke7 $2 (87... c4 88. f6 gxf6 89. gxh6 f5) 88. Kc6 $1 Ba5 89. Bd5 Kf8 {[#]} 90. Bc4 $1 Ke7 {[#]} 91. f6+ $1 {[%mdl 512]} Kf8 (91... gxf6 92. gxh6) 92. Kb5 hxg5 93. fxg7+ $2 (93. fxg5 {mates} Bc3 94. Kxb6 gxf6 95. g6 Bd2 96. h6 Bxh6 97. a5 Kg7 98. a6) 93... Kxg7 $16 {White is clearly better.} 94. fxg5 {Bd3 is the strong threat.} Bd2 95. h6+ ({Much worse is} 95. Kxb6 $6 Bxg5 96. Kb7 Bd8 $14) 95... Kg6 {[#]} 96. Bd3+ $1 (96. Kxb6 $6 Bxg5 97. Kb5 Bd8 $11) 96... Kxg5 97. h7 ({Don't play} 97. Kxb6 $6 Kxh6 98. Bc4 Kg5 $11) 97... Bc3 98. Kxb6 {Strongly threatening Kb5.} Kh6 99. Kb5 Kg7 {Precision: White = 67%, Black = 41%.} 1/2-1/2

[Event "Budapest Spring Festival 2018"]
[Site "Budapest"]
[Date "2018.04.19"]
[Round "2"]
[White "Papp, Gabor"]
[Black "Ilic, Zoran S"]
[Result "1/2-1/2"]
[WhiteElo "2614"]
[BlackElo "2294"]
[Annotator "TA"]
[PlyCount "56"]
[EventDate "2018.??.??"]
[EventType "swiss"]
[EventCountry "HUN"]
[SourceTitle "playchess.com"]
[Source "ChessBase"]
[SourceQuality "1"]

{[%evp 20,56,31,30,22,24,30,31,23,0,0,0,0,0,0,0,0,0,0,6,0,-7,-3,-33,-29,-19,-20,-53,-22,-30,-29,-71,-72,-85,-85,-89,-89,-94,-83]} 1. e4 c5 2. Nf3 e6 3. d4 cxd4 4. Nxd4 Nc6 5. Nc3 Qc7 6. Be3 a6 7. a3 b5 8. Nxc6 Qxc6 9. Be2 Bb7 {B49: Sicilian: Taimanov: 5 Nc3 Qc7 6 Be3 a6 7 Be2} 10. O-O Rc8 11. Qd3 {LiveBook: 3 Games} (11. Bd4 Qc7 12. Qd3 Nf6 13. f4 Be7 14. Bf3 O-O 15. e5 Ne8 16. f5 Bxf3 17. Rxf3 Qc4 18. Qd2 f6 19. exf6 Nxf6 20. Kh1 a5 21. Bxf6 Bxf6 22. Qxd7 exf5 23. Rxf5 Bxc3 {½-½ (23) Kobalia,M (2599)-Najer,E (2683) Batumi 2018}) 11... Nf6 {[%cal Rf6e4] White has an edge.} 12. Rfd1 Qc7 13. Bf3 h6 14. Rd2 $146 ({Predecessor:} 14. Rac1 Bc5 15. Bxc5 Qxc5 16. a4 bxa4 17. Nxa4 {½-½ (28) Stanitz,A (2087)-Menshchikov,V (2196) ICCF email 2015}) 14... d6 15. Bf4 e5 16. Be3 Be7 17. a4 b4 18. Nd5 Nxd5 19. exd5 Qa5 20. Bg4 Rc7 21. g3 O-O 22. h4 Bc8 23. Bxc8 Rcxc8 24. Qf5 Rc4 25. h5 Qd8 {Black is better.} 26. b3 Rc3 27. Re1 Qc8 28. Qxc8 Rfxc8 {Precision: White = 67%, Black = 91%.} 1/2-1/2

[Event "Budapest Spring Festival 2018"]
[Site "Budapest"]
[Date "2018.04.19"]
[Round "2"]
[White "Zhigalko, Sergei"]
[Black "Toth, Ervin"]
[Result "1-0"]
[WhiteElo "2608"]
[BlackElo "2427"]
[Annotator "TA"]
[PlyCount "77"]
[EventDate "2018.??.??"]
[EventType "swiss"]
[EventCountry "HUN"]
[SourceTitle "playchess.com"]
[Source "ChessBase"]
[SourceQuality "1"]

{[%evp 35,77,50,48,48,57,51,48,44,50,25,58,63,72,66,113,118,112,93,92,101,179,167,334,347,441,444,683,639,725,732,725,718,901,899,891,878,883,882,5214,5214,5206,5202,29984,29985]} 1. e4 e6 2. d4 d5 3. Nd2 Nf6 4. e5 Nfd7 5. Bd3 c5 6. c3 Nc6 7. Ne2 cxd4 8. cxd4 f6 9. exf6 Nxf6 10. Nf3 Bd6 11. O-O O-O 12. Bf4 Bxf4 13. Nxf4 Ne4 14. Qc1 Qf6 15. Ne2 {C06: French Tarrasch: 3...Nf6 4 e5 Nfd7 5 Bd3 main lines} e5 16. dxe5 Nxe5 17. Nxe5 (17. Bxe4 dxe4 18. Nxe5 Qxe5 19. Qc3 Qxc3 20. Nxc3 Bf5 21. Rfe1 Rad8 22. Re2 Rf6 23. Rae1 Rb6 24. h3 h6 25. b3 Ra6 26. Rb2 Re6 27. Rbe2 Ra6 28. Rb2 Re6 29. Rbe2 {½-½ (29) Petrik,T (2464)-Kalezic,B (2457) Baku 2016}) 17... Qxe5 18. f3 Nf6 {LiveBook: 3 Games} 19. Qd2 Bd7 20. Rfe1 Rfe8 21. Rad1 $146 ({Find the theoretical novelty and annotate with similar games:} 21. Bc2 Qd6 22. Bb3 Re5 23. Nd4 {½-½ (32) Borwell,A (2247)-Lelgemann,L (2330) ICCF email 2007}) 21... Qd6 22. Qf4 Qb6+ 23. Qd4 Qa5 24. Nc3 Be6 25. Bb5 {[%cal Bd3b5,Bb5a4,Ba4b3][%mdl 32]} Re7 26. Re2 {Threatens to win with Rde1.} a6 27. Ba4 {Hoping for Rde1.} Rd8 (27... Qc7 $16) 28. Rde1 $18 Kf7 $2 {[#]} (28... Rd6 {is a better defense.} 29. Bb3 Kh8) 29. g4 h6 30. f4 b5 (30... Rd6 $142 31. f5 Qb6 32. Qxb6 Rxb6) 31. Bb3 b4 32. g5 hxg5 33. fxg5 bxc3 34. gxf6 gxf6 {[#]} 35. Rxe6 $1 {[%mdl 512]} Rxe6 36. Qa7+ Kg6 37. Rxe6 {White threatens Bc2+ and mate.} d4 38. Re2 {Intending Qf7+ and mate.} Kh6 39. Rg2 {Precision: White = 75%, Black = 24%.} 1-0

[Event "Budapest Spring Festival 2018"]
[Site "Budapest"]
[Date "2018.04.19"]
[Round "2"]
[White "Bernadskiy, Vitaliy"]
[Black "Yankelevich, Lev"]
[Result "1-0"]
[WhiteElo "2584"]
[BlackElo "2411"]
[Annotator "TA"]
[PlyCount "163"]
[EventDate "2018.??.??"]
[EventType "swiss"]
[EventCountry "HUN"]
[SourceTitle "playchess.com"]
[Source "ChessBase"]
[SourceQuality "1"]

{[%evp 27,163,5,13,9,0,0,15,8,19,7,10,0,9,13,0,0,0,0,8,4,10,0,0,7,7,7,7,7,14,7,7,0,0,0,7,7,8,7,8,8,8,12,11,0,14,9,9,0,4,7,7,7,7,7,8,9,10,8,10,7,7,7,7,7,7,7,7,7,7,7,8,8,9,9,12,8,16,15,18,18,18,16,20,20,21,21,21,21,29,29,36,37,32,36,50,32,70,72,65,71,99,106,107,107,102,104,98,99,107,29,244,110,118,112,1175,1242,1141,1093,3005,2341,1930,1770,9008,6177,29972,29970,29980,29981,29981,29982,29982,29983,29983,29984,29984,29985,29985,29986]} 1. d4 Nf6 2. c4 g6 3. Nc3 d5 4. cxd5 Nxd5 5. e4 Nxc3 6. bxc3 Bg7 7. Qa4+ Nd7 8. Nf3 O-O 9. Be2 c5 10. O-O {D85: Exchange Grünfeld: Unusual White 7th moves and lines with 7 Nf3} Nb6 11. Qa3 cxd4 12. cxd4 Bg4 13. Bg5 Bxf3 14. Bxf3 Qxd4 {LiveBook: 14 Games} 15. Rad1 Qe5 16. Bxe7 {And now Bd6 would win.} Rfe8 {[#]} 17. Bd6 $146 ({Predecessor:} 17. Bh4 Qe6 {½-½ (40) Kazhgaleyev,M (2582)-Jumabayev,R (2618) Almaty 2016}) 17... Qe6 18. e5 Bxe5 19. Bxe5 Qxe5 20. Bxb7 Rab8 21. Qa6 Re7 22. Bf3 Qf4 23. Qa3 Qe5 24. Rd3 Nc4 25. Qc1 Nb6 26. h4 h5 27. Rfd1 Qf6 28. g3 Kg7 29. Bg2 Rc8 30. Qa3 Rce8 31. Rf3 Qe5 32. Bf1 Qc7 33. Rc1 Qe5 34. Rc5 Qa1 35. Rc1 Qd4 36. Rc6 Nd7 37. Rf4 Qd5 38. Rd6 Qc5 39. Qxc5 Nxc5 40. Rc6 Ne6 (40... Re5 {is more complex.} 41. Rd4 R8e6 42. Rxe6 Rxe6 43. Kg2 Re7) 41. Re4 Nd8 42. Rxe7 Rxe7 $11 {[%mdl 4096] Endgame KRB-KRN} 43. Rc8 Ne6 44. Bc4 Nd4 45. Kg2 Nf5 46. Rd8 Kf6 47. Bb3 Rc7 48. Kf3 Ke5 49. Rd5+ Kf6 50. Ke4 Nh6 51. Rd6+ Ke7 52. Ra6 Ng4 53. f3 Nh6 54. Kf4 Nf5 55. Bd5 Rd7 56. Bc6 Rc7 $1 57. g4 Nd4 58. Bd5 Ne2+ 59. Ke3 Nc3 60. Bb3 hxg4 61. fxg4 Nb5 62. h5 gxh5 63. gxh5 Rc5 64. h6 {Strongly threatening h7.} Rh5 {[#]} 65. Bc2 $1 {Threatens to win with h7.} Rh3+ 66. Kf4 Nd4 67. Kg4 Rh2 68. Be4 (68. Bd3 $16 {Hoping for h7.} Rg2+ 69. Kh3) 68... Ne6 $2 {[#]} (68... Kf8 $11) 69. Rxa7+ (69. h7 $1 $18 {and the rest is easy.}) 69... Kf6 $16 70. h7 {Black must now prevent Kg3.} Nf8 $2 {[%mdl 8192]} (70... Kg7 $16 71. a4 Nf8) 71. Kg3 $18 Rh5 {[#]} 72. Ra5 $3 {[%cal Ra5h5][%mdl 512]} Rh6 (72... Rxa5 73. h8=Q+) 73. Ra6+ Ne6 74. Ra8 Ng5 75. Bc2 Rxh7 76. Bxh7 {White mates.} Nxh7 {KR-KN} 77. a4 {[%cal Ba2a4,Ba4a5,Ba5a6][%mdl 32]} Ng5 78. a5 Ne4+ 79. Kf4 Nc3 80. a6 Nd5+ 81. Ke4 Nc7 82. Rb8 {Precision: White = 66%, Black = 52%.} 1-0

[Event "Budapest Spring Festival 2018"]
[Site "Budapest"]
[Date "2018.04.19"]
[Round "2"]
[White "Kulaots, Kaido"]
[Black "Nitin, S."]
[Result "1-0"]
[WhiteElo "2578"]
[BlackElo "2408"]
[Annotator "TA"]
[PlyCount "75"]
[EventDate "2018.??.??"]
[EventType "swiss"]
[EventCountry "HUN"]
[SourceTitle "playchess.com"]
[Source "ChessBase"]
[SourceQuality "1"]

{[%evp 23,75,33,33,13,54,49,45,52,66,64,59,48,55,60,52,56,54,54,54,54,54,54,54,54,54,51,50,50,61,51,137,139,143,140,174,181,178,170,139,147,368,353,438,403,596,592,707,694,743,705,1444,561,583,574]} 1. d4 Nf6 2. Nf3 g6 3. g3 Bg7 4. Bg2 O-O 5. O-O d6 6. b3 e5 7. dxe5 dxe5 8. Ba3 Re8 {A49: 1 d4 Nf6 2 Nf3 g6 3 g3: Anti-King's Indian systems} 9. Qxd8 Rxd8 10. Nc3 Nc6 11. Rad1 Bf5 12. Nh4 Bd7 {LiveBook: 3 Games} 13. Rd3 $146 ({Predecessor:} 13. e3 a6 14. Nd5 Nxd5 15. Bxd5 Be8 16. Nf3 {½-½ (63) Sargissian,G (2672)-Onischuk,V (2637) Riadh 2017}) 13... a6 14. Rfd1 {[#] Hoping for Bxc6.} Be8 15. Nf3 Bd7 16. Ng5 Be8 17. Rxd8 Rxd8 18. Rxd8 Nxd8 19. Be7 Nc6 20. Bxf6 $1 Bxf6 21. Nge4 Bd8 22. Nc5 b6 23. Bxc6 Bxc6 24. Nxa6 $14 {[%mdl 4096] Endgame KBB-KNN} Bb7 25. Nb4 f5 26. f3 {[%cal Bf2f3,Bf3f4][%mdl 32]} h5 (26... e4 $14) 27. Nd3 $16 Bf6 {...e4 is the strong threat.} 28. e4 {[%cal Be2e4,Be4d5][%mdl 32]} g5 29. Nd5 Bxd5 30. exd5 $18 {KB-KN} g4 {[#]} 31. f4 $1 {[%cal Rf4e5]} e4 $2 (31... exf4 $16 32. Nxf4 h4 33. gxh4 Kf7) 32. Ne5 h4 33. Kf2 h3 (33... Be7 $142 34. c3 Bc5+ 35. Kf1 Kg7) 34. Nc6 {White is clearly winning.} Kf7 35. a4 Ke8 36. b4 Bh4 37. Nd4 ({Avoid the trap} 37. gxh4 $2 e3+ 38. Kxe3 g3 $19) (37. a5 $142) 37... e3+ 38. Kf1 {Precision: White = 81%, Black = 41%.} 1-0

[Event "Budapest Spring Festival 2018"]
[Site "Budapest"]
[Date "2018.04.19"]
[Round "2"]
[White "Donchenko, Alexander"]
[Black "Akshat, Khamparia"]
[Result "1-0"]
[WhiteElo "2574"]
[BlackElo "2396"]
[Annotator "TA"]
[PlyCount "49"]
[EventDate "2018.??.??"]
[EventType "swiss"]
[EventCountry "HUN"]
[SourceTitle "playchess.com"]
[Source "ChessBase"]
[SourceQuality "1"]

{[%evp 15,49,12,35,2,0,0,1,-22,44,42,110,107,132,127,153,46,113,72,218,226,209,235,692,693,996,996,981,979,926,303,920,894,890,861,955,921]} 1. c4 e6 2. Nc3 f5 3. g3 Nf6 4. Bg2 d5 5. d4 c6 6. Bf4 Be7 7. Nf3 O-O 8. O-O Ne4 {LiveBook: 9 Games} 9. Qb3 {A95: Classical Dutch: Classical Stonewall: 7 Nc3 c6} g5 (9... Nd7 10. Rad1 Kh8 11. Nxe4 fxe4 12. Ne5 Nxe5 13. Bxe5 Bd6 14. f3 exf3 15. Rxf3 Rxf3 16. Qxf3 Bxe5 17. dxe5 {½-½ (34) Sokolov,I (2672)-Gleizerov,E (2590) Alghero 2011}) 10. Bxb8 Rxb8 11. Nxe4 {The position is equal.} fxe4 (11... dxe4 $11 12. Ne5 Qc7) 12. Ne5 $14 {Threatens to win with Nxc6!} Bd7 $146 (12... Bd6 $14) ({Predecessor:} 12... Bf6 13. cxd5 cxd5 14. Nc6 bxc6 15. Qxb8 Bxd4 16. e3 {½-½ (50) Baumgaertner,F (1747)-Beier,K (2102) Schney 2017}) 13. cxd5 $16 cxd5 {[#]} 14. f3 $1 exf3 15. Bxf3 (15. Rxf3 $16 Rxf3 16. Qxf3) 15... Be8 (15... Bf6 $14) 16. Bg4 Rxf1+ (16... Qd6 $16 {was called for.}) 17. Rxf1 $18 Qd6 {[#]} 18. Qf3 $1 b5 $2 (18... Kh8 19. Qf7 Bxf7 20. Nxf7+ Kg7 21. Nxd6 Bxd6) 19. Bh5 Bxh5 20. Qxh5 {Threatening mate with Rf7.} Rf8 21. Rxf8+ Bxf8 22. Qf7+ Kh8 23. Nd7 {White wants to mate with Nf6.White is clearly winning.} Be7 24. Nc5 Bd8 25. Qe8+ {Precision: White = 66%, Black = 31%.} 1-0